000 00637nam a22002177a 4500
003 UA-OsUOA
001 130151
007 ta
008 20180411b un ||||| |||| 00| 0 ukr d
100 _aПуніна О.
090 _a82
_bП88
942 _cSA
040 _aUA-OsUOA
_bukr
_cUA-OsUOA
_dUA-OsUOA
245 _aСкульптурно-живописна модель інтерпритації творчої особистості Василя Стуса
300 _aС.38-48
955 _a0
041 _aukr
080 _a82
773 0 _w130150
650 7 _a82 Література. Літературознавство
_2UDC
999 _c418142
_d418142